[Event "Sochi"]
[Site "Sochi"]
[Date "1977.??.??"]
[Round "14"]
[White "Ftacnik, Lubomir"]
[Black "Suba, Mihai"]
[Result "1-0"]
[WhiteElo "2360"]
[BlackElo "2455"]

1.c4 Nf6 2.Nc3 e6 3.Nf3 c5 4.g3 b6 5.Bg2 Bb7 6.d4 cxd4 7.Qxd4 d6 8.O-O a6
9.Rd1 Be7 10.b3 O-O 11.Ba3 Nc6 12.Qf4 d5 13.cxd5 exd5 14.Bxe7 Nxe7 15.Rac1 Re8
16.Na4 Bc6 17.Ne5 Bxa4 18.Qxa4 b5 19.Qd4 Rc8 20.Bh3 Rxc1 21.Rxc1 Qa5 22.Qb2 Ne4
23.Nd3 Ng6 24.a3 Qb6 25.e3 h5 26.Bg2 a5 27.b4 h4 28.bxa5 Qxa5 29.Qb4 Qa7
30.Qxb5 Rd8 31.Ra1 hxg3 32.hxg3 Nxg3 33.Nb4 Ne4 34.Nxd5 Rb8 35.Qc6 Ne5 36.Qc7 Qxc7
37.Nxc7 Nd2 38.f4 Nec4 39.Nd5 Rb5 40.Ra2 Ra5 41.a4 Nb3 42.Bf1 Nbd2 43.Ne7+ Kf8
44.Nc6 Rc5 45.Bg2 Nb3 46.Nb8 Ra5 47.Bc6 Nxe3 48.Re2 Nd4 49.Rxe3 Nxc6 50.Nxc6 Rxa4
51.Rf3 g6 52.Kg2 Kg7 53.Kg3 Ra1 54.Ne5 Rg1+ 55.Kf2 Ra1 56.Rb3 Ra7 57.Rb6 Ra5
58.Nf3 f6 59.Nd4 Ra3 60.Ke2 Ra1 61.Rb3 Kh6 62.Rb6 Kg7 63.Kf3 Rf1+ 64.Ke4 Re1+
65.Kd5 Rf1 66.Rb3 Rf2 67.Ne6+ Kh7 68.Rb7+ Kh6 69.Rf7 Rd2+ 70.Kc6 f5 71.Rf8 Kh5
72.Rh8+ Kg4 73.Rh6 Rc2+ 74.Kd6 Rd2+ 75.Ke7  1-0

[Event "Stary Smokovec"]
[Site "Stary Smokovec"]
[Date "1977.??.??"]
[Round "4"]
[White "Cvetkovic, Srdjan"]
[Black "Ftacnik, Lubomir"]
[Result "1-0"]
[WhiteElo "2395"]
[BlackElo "2350"]

1.Nf3 Nf6 2.c4 c5 3.Nc3 d5 4.cxd5 Nxd5 5.g3 g6 6.Qb3 Nb6 7.Ne5 e6 8.Bg2 Bg7
9.Qb5+ N8d7 10.Nxd7 Nxd7 11.a4 O-O 12.d3 a6 13.Qb3 Rb8 14.Bf4 Be5 15.Bxe5 Nxe5
16.O-O b6 17.a5 Bb7 18.Bxb7 Rxb7 19.Na4 Qd4 20.Rac1 c4 21.dxc4 b5 22.Rfd1 Qa7
23.cxb5 Rxb5 24.Qc3 h5 25.Nc5 Ng4 26.Rd7 Qa8 27.Nxe6 Re5 28.Nxf8 Rxe2 29.Nxg6  1-0

[Event "Stary Smokovec"]
[Site "Stary Smokovec"]
[Date "1977.??.??"]
[Round "6"]
[White "Lerner, Konstantin Z"]
[Black "Novak, Ivan"]
[Result "1/2-1/2"]
[WhiteElo "2445"]
[BlackElo "2345"]

1.c4 Nf6 2.Nc3 c5 3.Nf3 d5 4.cxd5 Nxd5 5.g3 Nc6 6.Bg2 g6 7.Qb3 Nc7 8.d3 Bg7
9.Qc4 Ne6 10.Be3 Ncd4 11.O-O O-O 12.Bxd4 cxd4 13.Ne4 Bd7 14.Rfc1 Qa5 15.b4 Qa4
16.Nc5 Nxc5 17.bxc5 Rfc8 18.Qxa4 Bxa4 19.Rab1 Rab8 20.Rb4 b5 21.Nxd4 a5 22.Rxa4 bxa4
23.Nc6 Rb7 24.d4 e6 25.e3 a3 26.Bf3 Rcc7 27.Rc3 e5 28.Rd3 exd4 29.exd4 Rb2
30.d5 Rxa2 31.d6 Rd7 32.Ne7+ Kf8 33.c6 Rxd6 34.c7 Rc2 35.Rxd6 Rxc7 36.Nc6 Rxc6
37.Bxc6 a2 38.Rd1 a1=Q 39.Rxa1 Bxa1 40.Kf1 Ke7 41.Ke2 Kd6 42.Be8 Ke7 43.Ba4  1/2-1/2

[Event "Vrbas"]
[Site "Vrbas"]
[Date "1977.??.??"]
[Round "5"]
[White "Barle, Janez"]
[Black "Govedarica, Radovan"]
[Result "0-1"]
[WhiteElo "2450"]
[BlackElo "2440"]

1.c4 Nf6 2.Nc3 c5 3.Nf3 d5 4.cxd5 Nxd5 5.e3 e6 6.d4 Nc6 7.Bd3 Be7 8.O-O O-O
9.Re1 g6 10.a3 Nxc3 11.bxc3 b6 12.e4 cxd4 13.Bb5 Qd6 14.cxd4 Bb7 15.Bb2 Na5
16.Qd2 Rfd8 17.Qh6 Bf8 18.Qh4 Qe7 19.Qf4 Bg7 20.a4 Rac8 21.Ne5 a6 22.Bf1 Nb3
23.Rad1 Rc2 24.Re2 Rxe2 25.Bxe2 Qc7 26.Bf3 Bxe5 27.dxe5 Rxd1+ 28.Bxd1 Nc5
29.Bc2 Nd7 30.Qd2 Nxe5 31.Bxe5 Qxe5 32.Qd8+ Kg7 33.Qxb6 Qa1+ 34.Qb1 Qxb1+
35.Bxb1 Kf6 36.f4 Ke7 37.e5 Kd7 38.Kf2 Kc6 39.g4 Kc5 40.Ke3 a5 41.f5 Bc6  0-1

[Event "Vrbas"]
[Site "Vrbas"]
[Date "1977.??.??"]
[Round "6"]
[White "Smejkal, Jan"]
[Black "Gligoric, Svetozar"]
[Result "0-1"]
[WhiteElo "2575"]
[BlackElo "2565"]

1.c4 Nf6 2.Nc3 c5 3.Nf3 e6 4.g3 b6 5.Bg2 Bb7 6.O-O Be7 7.d4 cxd4 8.Qxd4 O-O
9.e4 Nc6 10.Qe3 Bc5 11.Qe2 d6 12.b3 Nd7 13.Bb2 Nde5 14.Rad1 Qe7 15.Nb5 a6
16.Nbd4 Nxf3+ 17.Nxf3 b5 18.e5 Nxe5 19.Nxe5 Bxg2 20.Kxg2 dxe5 21.Qxe5 f6
22.Qe4 Rac8 23.cxb5 axb5 24.Rfe1 Rfe8 25.Re2 Qf7 26.Rc1 Bf8 27.a4 e5 28.Rxc8 Rxc8
29.Rc2 Rxc2 30.Qxc2 Qd5+ 31.Kg1 bxa4 32.bxa4 Qa2 33.Kf1 h5 34.Ke1 Bb4+ 35.Kd1 Qd5+
36.Ke2 h4 37.gxh4 e4 38.Bc1 Bd6 39.Be3 f5 40.Qc8+ Kh7 41.Qc2 f4 42.Bb6 Kh6
43.a5 Bb4 44.f3 Qb5+ 45.Kf2 e3+ 46.Kg2 Bd2 47.Qe4 Qe2+ 48.Kh3 Qf1+ 49.Kg4 Qg2+
50.Kf5 Qg6+ 51.Ke5 Qxe4+ 52.fxe4 f3 53.a6 f2 54.a7 f1=Q 55.Bxe3+ Bxe3 56.a8=Q Qf6+
57.Kd5 Qf7+  0-1

[Event "Hoogovens-B"]
[Site "Wijk aan Zee"]
[Date "1977.??.??"]
[Round "6"]
[White "Witt, Rob"]
[Black "Bellon Lopez, Juan Manuel"]
[Result "1/2-1/2"]
[WhiteElo "2260"]
[BlackElo "2415"]

1.c4 Nf6 2.Nc3 c5 3.Nf3 g6 4.d4 cxd4 5.Nxd4 Bg7 6.e4 Nc6 7.Be3 O-O 8.Be2 b6
9.O-O Bb7 10.f3 d6 11.Qd2 Qd7 12.b3 Rfd8 13.Rac1 Ne8 14.Rfd1 e6 15.Nxc6 Bxc6
16.Bg5 f6 17.Be3 Qf7 18.Qe1 Rd7 19.Qf2 Kh8 20.f4 f5 21.exf5 gxf5 22.Bf3 Bxf3
23.Qxf3 Rad8 24.h3 Nf6 25.Bd4 Qh5 26.Qxh5 Nxh5 27.Bxg7+ Rxg7 28.Rf1 Rdg8
29.Rc2 Rg3 30.Kh2 Rd3 31.Ne2 Kg7 32.Rfc1 Rc8 33.Rc3 Rd2 34.R1c2 Rxc2 35.Rxc2 d5
36.g4 fxg4 37.hxg4 Nf6 38.Kh3 dxc4 39.Rxc4 Rxc4 40.bxc4 Ne4 41.Nd4 Kf7 42.Kh4 Nd2
43.Nc6  1/2-1/2

[Event "Hoogovens-B"]
[Site "Wijk aan Zee"]
[Date "1977.??.??"]
[Round "7"]
[White "Eslon, Jaan"]
[Black "Popov, Luben"]
[Result "1/2-1/2"]
[WhiteElo "2385"]
[BlackElo "2410"]

1.Nf3 c5 2.c4 Nf6 3.Nc3 g6 4.d4 Bg7 5.e4 d6 6.Be2 O-O 7.O-O cxd4 8.Nxd4 Nc6
9.Be3 Nxd4 10.Bxd4 Qa5 11.Nd5 Nxd5 12.exd5 Bd7 13.Bxg7 Kxg7 14.Qd4+ f6 15.Rfe1 Rf7
16.a3 Qb6 17.Qc3 Rc8 18.Bf1 Qd8 19.b4 b6 20.Qe3 Rc7 21.Qd4 Qc8 22.Rac1 e5
23.dxe6 Bxe6 24.Re3 b5 25.Qxd6 Bxc4 26.Rec3 Rc6 27.Qf4 Rfc7 28.h4 Bxf1 29.Qxc7+ Qxc7
30.Rxc6 Qf4 31.Rxf1 Qxh4 32.Rc7+ Kh6 33.Rfc1 Qd4 34.R7c5 Qd2 35.Rf1 f5 36.Rxb5 f4
37.Rc5 f3 38.gxf3 Qd3 39.Kg2 Qxa3 40.Rh1+ Kg7 41.Rh4 h5 42.Ra5 Qd3 43.Rxa7+ Kh6
44.Re4 Qd5 45.Ra5 Qd3 46.Rc5 Qd6 47.Rec4 Qf6 48.b5 Kg7 49.Rc3 h4 50.Re3 Kh6
51.Rce5 Kg7 52.Kh3 Kh6 53.Kg4 Qd6 54.f4 Qd1+ 55.Kxh4 Qg1 56.Rg3 Qxf2 57.Kg4 Qd2
58.Rg1 Qh2 59.Rg3 Qd2 60.Rh3+ Kg7 61.Rhe3 Qg2+ 62.Rg3 Qd2 63.Kf3 Qd3+ 64.Kf2 Qd2+
65.Kg1 Qc1+ 66.Kg2 Qd2+ 67.Kg1 Qc1+ 68.Kh2 Qxf4 69.Rg5 Qf2+ 70.Kh3 Qf1+ 71.Kg4 Qc4+
72.Kf3 Qd3+ 73.Kf2 Qd2+  1/2-1/2

[Event "Yerevan"]
[Site "Yerevan"]
[Date "1977.??.??"]
[Round "12"]
[White "Petkevich, Jusefs"]
[Black "Averkin, Orest N"]
[Result "0-1"]
[WhiteElo "2425"]
[BlackElo "2455"]

1.Nf3 c5 2.c4 Nf6 3.Nc3 e6 4.e3 d5 5.d4 a6 6.cxd5 exd5 7.Be2 c4 8.O-O b5
9.e4 dxe4 10.Ng5 Bb7 11.f3 h6 12.Ngxe4 Be7 13.Ng3 Qd7 14.b3 cxb3 15.axb3 Nc6
16.Be3 Rd8 17.Nce4 Nxd4 18.Rc1 Ne6 19.Qe1 Nd5 20.Bd2 O-O 21.Nf5 Nef4 22.Nxe7+ Qxe7
23.Rf2 Rfe8 24.Bf1 f5 25.g3 fxe4 26.fxe4 Nf6 27.Rxf4 Bxe4 28.Bb4 Qf7 29.Ba5 Rd7
30.Bc3 Bb7 31.Qf2 Qd5 32.Bg2 Qxg2+ 33.Qxg2 Bxg2 34.Bxf6 Bd5 35.Bc3 Bxb3 36.Ba5 Bc4
37.Re1 Rc8 38.Rfe4 Rf8 39.Re7 Rf7 40.Rxd7 Rxd7 41.Re8+ Kf7 42.Ra8 Rd1+ 43.Kf2 Ra1
44.Rxa6 b4 45.Ra7+ Ke6 46.Bb6 Rf1+ 47.Ke3 Re1+ 48.Kd4 b3 49.Bc5 Rd1+  0-1

[Event "JUG-ch"]
[Site "Zagreb"]
[Date "1977.??.??"]
[Round "5"]
[White "Vukic, Milan"]
[Black "Marovic, Drazen"]
[Result "1-0"]
[WhiteElo "2495"]
[BlackElo "2475"]

1.Nf3 Nf6 2.c4 c5 3.Nc3 g6 4.e4 Bg7 5.d4 O-O 6.Be2 d6 7.O-O Na6 8.Rb1 cxd4
9.Nxd4 Nc5 10.f3 Nh5 11.Be3 f5 12.exf5 gxf5 13.Qd2 f4 14.Bf2 a5 15.Rfe1 Be5
16.Bf1 Ng7 17.Rbd1 Be6 18.Nxe6 Ncxe6 19.c5 Kh8 20.cxd6 exd6 21.Ne4 Qe8 22.Nxd6 Bxd6
23.Qxd6 Rf6 24.Bd4 Rd8 25.Bxf6  1-0

[Event "JUG-ch"]
[Site "Zagreb"]
[Date "1977.??.??"]
[Round "11"]
[White "Vukic, Milan"]
[Black "Kovacevic, Vlatko"]
[Result "1-0"]
[WhiteElo "2495"]
[BlackElo "2495"]

1.Nf3 c5 2.c4 Nf6 3.Nc3 g6 4.g3 b6 5.Bg2 Bb7 6.O-O Bg7 7.d4 Ne4 8.Nxe4 Bxe4
9.d5 O-O 10.Qb3 e6 11.Bg5 Qc7 12.Bf4 Qb7 13.Nd2 Bxg2 14.Kxg2 e5 15.Bg5 d6
16.e4 h6 17.Be3 Nd7 18.Rae1 Rae8 19.a4 Nf6 20.f3 h5 21.a5 Rb8 22.Ra1 bxa5
23.Qxb7 Rxb7 24.b3 Ne8 25.Rxa5 Nc7 26.g4 Kh7 27.Rb1 a6 28.b4 Rxb4 29.Rxb4 cxb4
30.c5 dxc5 31.Bxc5 Rb8 32.Bd6 Rb7 33.Ra4 b3 34.Rb4 Rxb4 35.Bxb4 b2 36.Bc3 Bh6
37.Nb1 Nb5 38.Bxb2 f6 39.Nc3 Nxc3 40.Bxc3 Kg7 41.Kf2 Kf7 42.Ke2 Bf4 43.h3 Ke7
44.Bb4+ Kd7 45.Kd3 hxg4 46.hxg4 g5 47.Bc5 Bg3 48.Kd2 Bh4 49.Bb6 Bg3 50.Kc3 Be1+
51.Kb3 Bd2 52.Ka4 Bc3 53.Bc5 Bd4 54.Kb4 Bb2 55.Ka5 Bd4 56.Bb4 Be3 57.Kxa6 Bd4
58.Kb5 Be3 59.Bf8 Bd2 60.d6 Bc3 61.Be7 Ke6 62.Kc5 Bd2 63.Bd8 Bc1 64.Kc6  1-0

[Event "Holmsgaard mem"]
[Site "Norresundby"]
[Date "1978.10.16"]
[Round "3"]
[White "Rosell, Kaj"]
[Black "Bjerring, Kai"]
[Result "1/2-1/2"]
[WhiteElo "2343"]
[BlackElo "2325"]

1.c4 Nf6 2.Nc3 c5 3.Nf3 g6 4.d4 cxd4 5.Nxd4 Bg7 6.e4 O-O 7.Be2 Nc6 8.Be3 d6
9.O-O Bd7 10.f3 Qb6 11.Na4 Qa5 12.Nc3 Qb6 13.Na4 Qa5 14.Nc3  1/2-1/2

[Event "Alicante"]
[Site "Alicante"]
[Date "1978.??.??"]
[Round "12"]
[White "Verdu, Miguel J"]
[Black "Diesen, Mark C"]
[Result "0-1"]
[WhiteElo "2200"]
[BlackElo "2440"]

1.Nf3 Nf6 2.c4 c5 3.Nc3 d5 4.cxd5 Nxd5 5.g3 g6 6.d3 Bg7 7.Bd2 b6 8.Bg2 Bb7
9.O-O O-O 10.Qc1 Re8 11.Rd1 Nc6 12.Bh6 Bh8 13.Qd2 e5 14.Nxd5 Qxd5 15.Ne1 Qd7
16.Nc2 Rad8 17.Rab1 Ne7 18.Bxb7 Qxb7 19.Qe1 e4 20.Bg5 exd3 21.Rxd3 Rxd3 22.exd3 Qd7
23.Bxe7 Rxe7 24.Qd2 Qa4 25.Ne3 Qxa2 26.Qc2 Bd4 27.Nc4 b5 28.Nd6 a6 29.Ne4 Qd5
30.Nc3 Qf3 31.Ra1 f5 32.Qd2 b4  0-1

[Event "Amsterdam zt"]
[Site "Amsterdam"]
[Date "1978.??.??"]
[Round "3"]
[White "Timman, Jan H"]
[Black "Stean, Michael"]
[Result "1-0"]
[WhiteElo "2585"]
[BlackElo "2510"]

1.c4 c5 2.Nf3 Nf6 3.Nc3 d5 4.cxd5 Nxd5 5.e4 Nb4 6.Bc4 Be6 7.Bxe6 Nd3+ 8.Kf1 fxe6
9.Ng5 Nc6 10.Nxe6 Qd7 11.Nxc5 Nxc5 12.Qh5+ g6 13.Qxc5 Qd3+ 14.Kg1 Bg7 15.Qb5 Rd8
16.Qxd3 Rxd3 17.Kf1 O-O 18.Ke2 Rd7 19.f3 Nd4+ 20.Kd1 g5 21.d3 g4 22.f4 Ne6
23.Kc2 Nd4+ 24.Kb1 Ne6 25.Kc2 Nd4+ 26.Kd1 Ne6 27.Ke2 Nd4+ 28.Kf2 Nc2 29.Rb1 Rxd3
30.Rd1 g3+ 31.hxg3 Bd4+ 32.Kf1 Rxg3 33.Ne2 Rg6 34.Rxd4 Nxd4 35.Nxd4 e5 36.Nf5 Re6
37.Kf2 exf4 38.Kf3 Rfe8 39.Bd2  1-0

[Event "IBM"]
[Site "Amsterdam"]
[Date "1978.??.??"]
[Round "4"]
[White "Pfleger, Helmut"]
[Black "Langeweg, Kick"]
[Result "1-0"]
[WhiteElo "2530"]
[BlackElo "2450"]

1.c4 c5 2.Nf3 Nf6 3.Nc3 e6 4.g3 b6 5.Bg2 Bb7 6.O-O a6 7.b3 d6 8.Bb2 Be7 9.d4 cxd4
10.Qxd4 O-O 11.Rfd1 Nbd7 12.Rac1 Qc7 13.h3 Rac8 14.e4 Rfe8 15.Qe3 Bf8 16.Qf4 Qb8
17.Nh2 Bc6 18.g4 e5 19.Qe3 b5 20.cxb5 axb5 21.Nf1 Qa8 22.a3 Nc5 23.Nd5 Nfd7
24.Ng3 Ne6 25.Bf1 Qb8 26.Rd2 Ba8 27.Rcd1 Ndc5 28.b4 Na4 29.Ba1 Bc6 30.Nf5 Qb7
31.h4 Nf4 32.Nxf4 exf4 33.Qxf4 Bxe4 34.Nh6+ gxh6 35.Qf6 Re5 36.Bxe5 dxe5
37.Rd7 Qc6 38.Qxf7+ Kh8 39.Rd8  1-0

[Event "IBM"]
[Site "Amsterdam"]
[Date "1978.??.??"]
[Round "9"]
[White "Langeweg, Kick"]
[Black "Timman, Jan H"]
[Result "0-1"]
[WhiteElo "2450"]
[BlackElo "2585"]

1.Nf3 Nf6 2.c4 c5 3.Nc3 d5 4.cxd5 Nxd5 5.g3 Nc6 6.Bg2 Nc7 7.O-O g6 8.d3 Bg7
9.Be3 b6 10.Qd2 O-O 11.Bh6 e5 12.Rfc1 f6 13.Bxg7 Kxg7 14.a3 a5 15.Qd1 Rb8
16.Nd2 Bb7 17.Rab1 Rf7 18.Nc4 Ba8 19.Ne3 Ne6 20.Na2 Ncd4 21.b4 Bxg2 22.Kxg2 cxb4
23.axb4 a4 24.b5 f5 25.f3 Qg5 26.Kf2 f4 27.Nf1 h5 28.Nc3 Nc5 29.Nxa4 fxg3+
30.hxg3 Nxa4 31.Qxa4 h4 32.g4 Qxg4 33.Rc7 Rf8 34.Rbc1 h3 35.Ng3 Qf4 36.Rxf7+ Rxf7
37.Rc8 Qd2 38.Kf1 Rxf3+  0-1

[Event "Amsterdam zt"]
[Site "Amsterdam"]
[Date "1978.??.??"]
[Round "15"]
[White "Stean, Michael"]
[Black "Langeweg, Kick"]
[Result "1-0"]
[WhiteElo "2510"]
[BlackElo "2450"]

1.c4 Nf6 2.Nc3 c5 3.Nf3 e6 4.g3 Nc6 5.Bg2 d5 6.cxd5 Nxd5 7.O-O Be7 8.d4 O-O
9.Nxd5 exd5 10.dxc5 Bxc5 11.Qc2 Be7 12.Be3 Be6 13.Nd4 Nxd4 14.Bxd4 Rc8 15.Qb3 Rc4
16.Rfd1 Qb8 17.Qe3 a6 18.Bxd5 Bxd5 19.Qxe7 Bc6 20.b3 Rc2 21.Bxg7 Kxg7 22.Qg5+ Kh8
23.Qf6+ Kg8 24.Qf5  1-0

[Event "URS-FL"]
[Site "Ashkhabad"]
[Date "1978.??.??"]
[Round "1"]
[White "Ivanov, Alexander"]
[Black "Kapengut, Albert Z"]
[Result "1/2-1/2"]
[WhiteElo "2395"]
[BlackElo "2465"]

1.Nf3 Nf6 2.c4 c5 3.Nc3 d5 4.cxd5 Nxd5 5.e3 Nxc3 6.bxc3 g6 7.d4 Bg7 8.Bd3 O-O
9.O-O Qc7 10.Qe2 Nc6 11.Rb1 Rd8 12.Be4 e5 13.d5 Ne7 14.c4 f5 15.Bc2 e4 16.Nd2 Bd7
17.f3 exf3 18.Nxf3 Rf8 19.Rd1 Nc8 20.d6 Qc6 21.e4 Nxd6 22.Qd3 fxe4 23.Qxd6 exf3
24.Qxd7 Bd4+ 25.Rxd4 f2+ 26.Kf1 Qxg2+ 27.Kxg2 f1=Q+ 28.Kg3 Qg1+ 29.Kh4 Qxh2+
30.Kg4 Qg2+ 31.Kh4 Qf2+ 32.Kg4 h5+ 33.Kg5 Qf6+ 34.Kh6 Rf7 35.Rxb7 Qg7+ 36.Kg5 Qf6+
37.Kh6  1/2-1/2

[Event "URS-FL"]
[Site "Ashkhabad"]
[Date "1978.??.??"]
[Round "17"]
[White "Alburt, Lev O"]
[Black "Savon, Vladimir A"]
[Result "1/2-1/2"]
[WhiteElo "2515"]
[BlackElo "2550"]

1.c4 Nf6 2.Nc3 c5 3.Nf3 e6 4.g3 b6 5.Bg2 Bb7 6.O-O Be7 7.d4 cxd4 8.Qxd4 O-O
9.Bf4 Nc6 10.Qd2 Na5 11.b3 d5 12.Ne5 Rc8 13.Rfd1 Qe8 14.Rac1 Ba3 15.Rc2 dxc4
16.Bxb7 cxb3 17.axb3 Nxb7 18.Bg5 Rd8 19.Qe1 Be7 20.Rxd8 Bxd8 21.Qd1 Nc5 22.b4 Na4
23.Nb1 Nd5 24.Bxd8 Qxd8 25.Nc6 Qa8 26.Qd3 a6 27.e4 Nf6 28.Nd2 Qb7 29.Qd6 Re8
30.Ne5 Qe7 31.Qxe7 Rxe7 32.Rc8+ Re8 33.Rc7 a5 34.bxa5 bxa5 35.f3 Nb6 36.Rb7 Nc8
37.Ndc4 a4 38.Kf2 h6 39.Ke2 Re7 40.Rb8 Re8 41.Rb4 Nd5 42.Rb7 Nde7 43.Rb5 f6
44.Nd3 Nc6 45.Ke3 N8e7 46.Na3 e5 47.Rc5 Rb8 48.Rc3 Rb3 49.Rxb3 axb3 50.Nb5 Na5
51.Kd2 Nc4+ 52.Kc3 Ne3 53.Kd2 Nf1+ 54.Ke2 Nxh2 55.Kf2 Nc6 56.Kg2 Nxf3 57.Kxf3 Nd4+
58.Nxd4 exd4 59.Kf4 Kf7 60.g4 g6 61.e5 h5 62.gxh5 gxh5 63.Kf5 fxe5 64.Kxe5 h4
65.Kxd4 h3 66.Kc3 Kf6 67.Nf2  1/2-1/2

[Event "Bucharest"]
[Site "Bucharest"]
[Date "1978.??.??"]
[Round "8"]
[White "Vaisman, Volodia"]
[Black "Biriescu, Ioan"]
[Result "0-1"]
[WhiteElo "2400"]
[BlackElo "2390"]

1.Nf3 c5 2.c4 Nf6 3.Nc3 d5 4.cxd5 Nxd5 5.g3 Nc6 6.Bg2 Nc7 7.d3 e5 8.Nd2 Bd7
9.Nc4 b5 10.Ne3 Rc8 11.O-O Nd4 12.b3 Be7 13.Bb2 O-O 14.Rc1 f5 15.Ned5 Bd6
16.Nxc7 Rxc7 17.e3 Ne6 18.Qe2 a6 19.Nd5 Rc8 20.f4 exf4 21.gxf4 Bc6 22.Bf3 Rf7
23.Qg2 Kf8 24.Rc2 Ba8 25.Qh3 g6 26.Rg2 Be5 27.Bxe5 Bxd5 28.e4 Ba8 29.exf5 gxf5
30.Qh6+ Ke7 31.Bxa8 Rxa8 32.Re1 Qd5 33.Bb2 Raf8 34.Re5 Qc6 35.d4 cxd4 36.Ba3+ Kd7
37.Bxf8 Qc1+ 38.Kf2 Qxf4+ 39.Qxf4 Nxf4 40.Rg3 Rxf8 41.Rg7+ Kd6 42.Ree7 Nd3+
43.Ke2 Ne5 44.Rc7 f4 45.Rc1 f3+ 46.Kf1 d3 47.h3 h6 48.Rh7 Rg8 49.Rxh6+ Kd5
50.Rxa6 d2 51.Rd1 Rg2 52.Ra8 Kd4 53.a4 bxa4 54.Rxa4+ Ke3 55.Ra8 Rf2+ 56.Kg1 Re2
57.Raa1 f2+ 58.Kf1 Nf3  0-1

[Event "HUN-ch"]
[Site "Budapest"]
[Date "1978.??.??"]
[Round "?"]
[White "Tompa, Janos"]
[Black "Groszpeter, Attila"]
[Result "1/2-1/2"]
[WhiteElo "2400"]
[BlackElo "2230"]

1.c4 Nf6 2.Nc3 c5 3.Nf3 d5 4.cxd5 Nxd5 5.d4 Nxc3 6.bxc3 g6 7.e3 Bg7 8.Bd3 O-O
9.O-O Nc6 10.Qe2 e5 11.Ba3 Re8 12.Nxe5 Nxe5 13.dxe5 Qa5 14.Bb2 Bxe5 15.Bc4 Qc7
16.h3 Bf5 17.Bd5  1/2-1/2

[Event "Buenos Aires ol (Men)"]
[Site "Buenos Aires"]
[Date "1978.??.??"]
[Round "?"]
[White "Stean, Michael"]
[Black "Browne, Walter S"]
[Result "1-0"]
[WhiteElo "2510"]
[BlackElo "2550"]

1.c4 Nf6 2.Nc3 c5 3.Nf3 d5 4.cxd5 Nxd5 5.e4 Nb4 6.Bb5+ N8c6 7.d4 cxd4 8.a3 dxc3
9.Qxd8+ Kxd8 10.axb4 Bd7 11.bxc3 g6 12.O-O Bg7 13.Ra3 Rc8 14.Rd1 a6 15.Be2 Ke8
16.b5 axb5 17.Bxb5 f6 18.Be3 e5 19.Nd2 Bf8 20.Raa1 Nb8 21.Rdb1 Rxc3 22.Bxd7+ Kxd7
23.Rxb7+ Kc8 24.Rf7 Rc6 25.Nb3 Bb4 26.g3 h5 27.Ra8 Rf8 28.Ba7 Rxf7 29.Rxb8+ Kc7
30.Rxb4 Kd6 31.Be3 h4 32.gxh4 Rh7 33.Rb5 Rxh4 34.Rd5+ Ke7 35.Nc5 Rg4+ 36.Kf1 Rd6
37.f3 Rh4 38.Rxe5+ Kf7 39.Rd5 Rxd5 40.exd5 Rxh2 41.Ne4 Rh5 42.Nc3 Rh2 43.Bd4 f5
44.Be5 Rc2 45.f4 Ke7 46.Ne2 Rd2 47.Nd4 Kd7 48.Ke1 Ra2 49.Nb3 Rc2 50.Kd1 Rc8
51.Kd2 Rc4 52.Kd3 Rc8 53.Kd4 Rc2 54.Nc5+ Ke7 55.d6+ Kf7 56.Kd5 Rd2+ 57.Kc6  1-0

[Event "Buenos Aires ol (Men)"]
[Site "Buenos Aires"]
[Date "1978.??.??"]
[Round "?"]
[White "Tarjan, James Edward"]
[Black "Adamski, Jan"]
[Result "1-0"]
[WhiteElo "2510"]
[BlackElo "2470"]

1.c4 Nf6 2.Nc3 c5 3.Nf3 d5 4.cxd5 Nxd5 5.e3 Nxc3 6.bxc3 g6 7.Bb5+ Nd7 8.O-O Bg7
9.d4 O-O 10.Ba3 b6 11.Qb3 Qc7 12.Rfd1 a6 13.Be2 e6 14.Bb2 Bb7 15.a4 Rfd8
16.Rac1 Rac8 17.Nd2 Bd5 18.c4 Bb7 19.Nf3 cxd4 20.exd4 Bxf3 21.Bxf3 e5 22.Bd5 exd4
23.Bxf7+ Kh8 24.Bxd4 Nc5 25.Bxc5 Rxd1+ 26.Rxd1 bxc5 27.Qh3 Rd8 28.Rxd8+ Qxd8
29.g3 g5 30.Bg6 h6 31.Be4 Qf8 32.Qd7 a5 33.Kg2 Kg8 34.Qe6+ Kh8 35.Qg6 Kg8
36.Qe6+ Kh8 37.Qd7 Kg8 38.Qc7 Kh8 39.Qxa5 Bd4 40.f3 Qe7 41.Qb6 Qf6 42.Qxf6+ Bxf6
43.a5 Bd8 44.a6  1-0

[Event "Buenos Aires ol (Men)"]
[Site "Buenos Aires"]
[Date "1978.??.??"]
[Round "?"]
[White "Torre, Eugenio"]
[Black "Olafsson, Helgi"]
[Result "1/2-1/2"]
[WhiteElo "2490"]
[BlackElo "2420"]

1.Nf3 Nf6 2.c4 c5 3.Nc3 d5 4.cxd5 Nxd5 5.d4 Nxc3 6.bxc3 g6 7.e3 Bg7 8.Be2 O-O
9.O-O Qc7 10.a4 Nd7 11.a5 Rb8 12.e4 b6 13.Bg5 Nf6 14.Bd3 Bg4 15.h3 Bxf3 16.Qxf3 Rbd8
17.axb6 axb6 18.Bf4 Qd7 19.Be5 cxd4 20.cxd4 Nh5 21.Bxg7 Nxg7 22.d5 e6 23.Bc4 b5
24.Bb3 exd5 25.Bxd5 Ne6 26.Qf6 Nc7 27.Bb3 Qd6 28.Qh4 Qe5 29.Rad1 Rxd1 30.Rxd1 Qc3
31.Qg3 Qxg3 32.fxg3  1/2-1/2

[Event "Buenos Aires ol (Men)"]
[Site "Buenos Aires"]
[Date "1978.??.??"]
[Round "?"]
[White "Lein, Anatoly"]
[Black "Schmidt, Wlodzimierz"]
[Result "1/2-1/2"]
[WhiteElo "2505"]
[BlackElo "2505"]

1.c4 c5 2.Nf3 Nf6 3.Nc3 d5 4.cxd5 Nxd5 5.e4 Nb4 6.Bb5+ N8c6 7.d4 cxd4 8.a3 dxc3
9.Qxd8+ Kxd8 10.axb4 cxb2 11.Bxb2 e5 12.O-O-O+ Kc7 13.Bxc6 bxc6 14.Bxe5+ Kb7
15.Bc3 Be7 16.Kb2 Re8 17.Rhe1 g6 18.Nd4 c5 19.bxc5 Bxc5 20.f3 Rb8 21.Kc2 Bd7
22.Ra1 Rbc8  1/2-1/2

[Event "Buenos Aires ol (Men)"]
[Site "Buenos Aires"]
[Date "1978.??.??"]
[Round "?"]
[White "Trois, Francisco RT"]
[Black "Chandler, Murray G"]
[Result "0-1"]
[WhiteElo "2385"]
[BlackElo "2390"]

1.Nf3 Nf6 2.c4 c5 3.Nc3 d5 4.cxd5 Nxd5 5.e3 g6 6.d4 Bg7 7.Bc4 Nxc3 8.bxc3 O-O
9.O-O Qc7 10.Qe2 Nc6 11.Ba3 b6 12.Rac1 Bb7 13.Rfd1 Na5 14.Ba6 Bxa6 15.Qxa6 Rfd8
16.e4 Qc6 17.Bxc5 bxc5 18.Qxa5 cxd4 19.cxd4 Qxe4 20.Re1 Qf4 21.Qc7 Qxc7 22.Rxc7 e6
23.Ng5 Rf8 24.Nf3 Rfc8 25.Rec1 Rd8 26.R7c4 Rab8 27.Ra4 Rd7 28.Kf1 Bf6 29.Rc2 Kg7
30.Ke2 h5 31.Ne5 Bxe5 32.dxe5 g5 33.Ra5 Kg6 34.Ke3 Rb4 35.f3 Kf5 36.g3 Rb1
37.f4 gxf4+ 38.gxf4 Re1+ 39.Kf2 Re4 40.Ra3 Rxf4+ 41.Kg2 Kxe5 42.Ra5+ Rd5
43.Rxa7 f5 44.Ra6 Re4 45.a4 Rd3 46.Ra2 h4 47.Ra8 h3+ 48.Kf2 Kf4  0-1

[Event "Buenos Aires ol (Men)"]
[Site "Buenos Aires"]
[Date "1978.??.??"]
[Round "?"]
[White "Arafih, I."]
[Black "Bouaziz, Slim"]
[Result "1/2-1/2"]
[WhiteElo "2200"]
[BlackElo "2365"]

1.c4 Nf6 2.Nc3 e6 3.Nf3 c5 4.g3 Nc6 5.Bg2 d5 6.cxd5 exd5 7.d4 c4 8.O-O Bb4
9.Bg5 Be6 10.Ne5 Qa5 11.Nxc6 bxc6 12.Qc2 Nd7 13.Bd2 O-O 14.a3 Bxc3 15.Bxc3 Qb5
16.e4 dxe4 17.Bxe4 Nf6 18.a4 Qb7 19.f3 Bd5 20.Rfe1 Rfe8 21.Re3 Re6 22.Rae1 Rae8
23.Bd2 Rb8 24.Bxd5 cxd5 25.Rxe6 fxe6 26.Bc3 Qc6 27.Kg2 Nd7 28.Qe2 Re8 29.Qc2 a6
30.Kg1 Qb7 31.Qd2 Qc6 32.Qc2 Nb6 33.Ra1 Rf8 34.Qd1 Nd7 35.Qe2 e5 36.Kg2 e4
37.fxe4 dxe4 38.Kg1 Nf6 39.d5 Qc5+ 40.Kg2 Nxd5 41.Qxe4 Qf2+ 42.Kh3  1/2-1/2

[Event "Buenos Aires ol (Men)"]
[Site "Buenos Aires"]
[Date "1978.??.??"]
[Round "?"]
[White "Verduga, Denis Homero"]
[Black "Bouaziz, Slim"]
[Result "0-1"]
[WhiteElo "2355"]
[BlackElo "2365"]

1.c4 Nf6 2.Nc3 e6 3.Nf3 c5 4.e4 Nc6 5.g3 d5 6.e5 d4 7.exf6 dxc3 8.bxc3 gxf6
9.d4 cxd4 10.cxd4 Bb4+ 11.Bd2 Bxd2+ 12.Qxd2 e5 13.d5 Bg4 14.Nh4 Nd4 15.Bg2 Be2
16.Rc1 b6 17.f4 Rc8 18.Kf2 Bxc4 19.Rhe1 O-O 20.fxe5 fxe5 21.Qh6 Bd3 22.Rxe5 Rxc1
23.Qxc1 Qf6+ 24.Qf4 Qxf4+ 25.gxf4 Nb5 26.Ke3 Bb1 27.Bf1 Nd6 28.Kd4 Bxa2 29.Rg5+ Kh8
30.Bd3 Rd8 31.Nf3 Ne8 32.Be4 Nf6 33.Ne5 Bxd5 34.Bxd5 Rxd5+ 35.Ke3 h6 36.Nxf7+ Kh7
37.Rxd5 Nxd5+ 38.Ke4 Nf6+ 39.Kf5 Nh5 40.Nd6 a5 41.Ke5 a4 42.Nb5 Kg6 43.Na3 Ng7
44.Nb5 Nf5 45.Ke6 h5  0-1

[Event "Buenos Aires ol (Men)"]
[Site "Buenos Aires"]
[Date "1978.??.??"]
[Round "?"]
[White "Spassov, Liuben"]
[Black "Garcia Martinez, Silvino"]
[Result "1/2-1/2"]
[WhiteElo "2450"]
[BlackElo "2275"]

1.Nf3 Nf6 2.c4 c5 3.Nc3 e6 4.g3 b6 5.Bg2 Bb7 6.O-O a6 7.Re1 d6 8.e4 Nbd7
9.d3 Be7 10.d4 cxd4 11.Nxd4 Qc7 12.Be3 O-O 13.Rc1 Nc5 14.f3 Rfe8 15.Bf2 Bf8
16.f4 Rac8 17.h3 e5 18.fxe5 dxe5 19.Nc2 Ncd7 20.Ne3 Qb8 21.Qe2 Bc6 22.Ncd5 b5
23.Nxf6+ Nxf6 24.Nd5 Nd7 25.cxb5 Bxb5 26.Qg4 Re6 27.Red1 Rxc1 28.Rxc1 Rc6
29.Rxc6 Bxc6 30.Qe2 Qb7 31.Qc4 h6 32.b3 Bd6 33.h4 Bb5 34.Qc2 Nf8 35.Qd2 Ne6
36.Nf6+ gxf6 37.Qxd6 Bc6 38.Bh3 Bxe4 39.Bxe6 fxe6 40.Qxe6+ Kg7 41.Bc5  1/2-1/2

[Event "Buenos Aires ol (Men)"]
[Site "Buenos Aires"]
[Date "1978.??.??"]
[Round "?"]
[White "Vadasz, Laszlo"]
[Black "Pytel, Krzysztof"]
[Result "1/2-1/2"]
[WhiteElo "2505"]
[BlackElo "2390"]

1.Nf3 Nf6 2.c4 c5 3.Nc3 b6 4.g3 Bb7 5.Bg2 g6 6.O-O Bg7 7.d4 Ne4 8.Nxe4 Bxe4
9.Be3 Nc6 10.d5 Bxf3 11.Bxf3 Ne5 12.Qc2 Nxf3+ 13.exf3 d6 14.h4 Qd7 15.Kg2 b5
16.Rae1 bxc4 17.Qxc4 O-O 18.b3 Rab8 19.Bd2 Rfe8 20.h5 Qb5 21.hxg6 hxg6 22.Qe4 Qa6
23.Qh4 Qd3 24.Bf4 Bf6 25.Qh6 Bg7 26.Qh3 Qxd5 27.Rh1 g5 28.Rd1 Qe6 29.Qh7+ Kf8
30.Bxg5 Qg6 31.Qxg6  1/2-1/2

[Event "Buenos Aires ol (Men)"]
[Site "Buenos Aires"]
[Date "1978.??.??"]
[Round "?"]
[White "Timman, Jan H"]
[Black "Giardelli, Sergio C"]
[Result "1-0"]
[WhiteElo "2585"]
[BlackElo "2315"]

1.c4 c5 2.Nf3 Nf6 3.Nc3 b6 4.e3 e6 5.d4 cxd4 6.exd4 d5 7.Ne5 Be7 8.cxd5 exd5
9.Bb5+ Kf8 10.O-O Be6 11.Re1 a6 12.Ba4 b5 13.Bb3 b4 14.Ne2 Nbd7 15.Nf4 Nb6
16.Nxe6+ fxe6 17.Nd3 Bd6 18.Rxe6 Kf7 19.Re1 Re8 20.Ne5+ Kg8 21.Bg5 Re6 22.Bc2 Qe8
23.Bxf6 Rxf6 24.Ng4 Re6 25.Nf6+ gxf6 26.Qg4+ Kf7 27.Qh5+ Ke7 28.Rxe6+ Kxe6
29.Qf5+  1-0